| 000 | 01511nmm a2200337 a 4500 | ||
|---|---|---|---|
| 001 | 0000021064 | ||
| 003 | CO-CtgCURN | ||
| 005 | 20250515223325.0 | ||
| 007 | co cga---uuuuu | ||
| 008 | 160627s2005 i eng d | ||
| 020 | _a9586907392 | ||
| 040 |
_aCO-CtgCURN _bspa _ccoctgcurn |
||
| 082 | 0 |
_a347.05 _bH35c |
|
| 110 | 2 | _aColombia. | |
| 245 | 1 | 0 |
_aCódigo de procedimiento civil _h[electronic resource] : _bcompilado, concordado y anotado / _cOscar Eduardo Henao Carrasquilla. |
| 250 | _a25a ed. | ||
| 260 |
_aBogotá : _bLeyer, _c2005. |
||
| 300 | _axxiv, 602 p. + Cd-Rom. | ||
| 336 | _2rdacontent | ||
| 337 |
_2rdamedia _asin mediacion _bn |
||
| 338 |
_2rdacarrier _avolumen _bnc |
||
| 505 | 8 | _aorganos judiciales y sus auxiliares -- Competencia por la calidad de las partes, la materia y el valor -- Competencia por razon del territorio -- Modo de ejercer sus atribuciones a la corte y los tribunales -- Comision -- De los deberes, poderes y responsabilidad de los jueces civiles -- Partes, demanda y contestacion --Excepciones previas -- Actuacion | |
| 650 | 0 | _aCódigo de procedimiento civil. | |
| 700 | 1 | _aHenao Carrasquilla, Oscar Eduardo. | |
| 908 | _a160627 | ||
| 942 |
_cBK _h347.05 _iH35c _2ddc _n0 |
||
| 999 |
_c20441 _d20441 |
||